| 000 | 00973nam0a22002411 4500 | ||
|---|---|---|---|
| 001 | rc\4758237 | ||
| 005 | 20250613065408.0 | ||
| 021 |
_aRU _b[61-22716] |
||
| 035 | _a(NLR Aleph) 008995836 | ||
| 090 |
_a9275826 _c9275826 |
||
| 100 | _a20130417g19601961|||y0rusy50 ca | ||
| 101 | 0 | _arus | |
| 102 | _aRU | ||
| 105 | _ay z ||||| | ||
| 200 | 1 |
_aТезисы докладов _fМ-во высш. и сред. спец. образования УССР. Львовский лесотехн. ин-т. XIII науч. конференция по итогам науч.-исслед. работ, выполн. в 1960 г. 3-10 апр. 1961 г. |
|
| 210 |
_aЛьвов _cБ. и. _d1960 [вып. дан. 1961] |
||
| 215 |
_a143 с. _d20 |
||
| 710 | 1 | 2 | _aЛьвовский лесотехнический институт. Научная конференция (13; 1961) |
| 801 | 0 |
_aRU _bNLR _gpsbo |
|
| 801 | 1 |
_aRU _bELAR _2rusmarc |
|
| 852 |
_aNLR _j61-3/1910 |
||
| 942 | _cBOOK | ||
| 980 | _aNB | ||